Internet of things : (Record no. 590751)
[ view plain ]
| 000 -LEADER | |
|---|---|
| fixed length control field | 00835nam a22001457a 4500 |
| 020 ## - INTERNATIONAL STANDARD BOOK NUMBER | |
| International Standard Book Number | 9788173719547 |
| 040 ## - CATALOGING SOURCE | |
| Transcribing agency | NUST |
| 082 ## - DEWEY DECIMAL CLASSIFICATION NUMBER | |
| Classification number | 004.678,BAH |
| 100 ## - MAIN ENTRY--PERSONAL NAME | |
| Personal name | Bahga, Arshdeep |
| 9 (RLIN) | 3679 |
| 245 ## - TITLE STATEMENT | |
| Title | Internet of things : |
| Remainder of title | A Hands-on approach / |
| Statement of responsibility, etc. | Arshdeep Bahga. Vijay Madisetti |
| 260 ## - PUBLICATION, DISTRIBUTION, ETC. | |
| Place of publication, distribution, etc. | India |
| Name of publisher, distributor, etc. | University Press |
| Date of publication, distribution, etc. | 2016 |
| 300 ## - PHYSICAL DESCRIPTION | |
| Extent | 519 p.: |
| 505 ## - FORMATTED CONTENTS NOTE | |
| Formatted contents note | Introduction and Concepts (Page-17), Domain Specific LoTs (Page-53), LoT and M2M (Page-75), LoT System Management with NETCONF-YANG (Page-91), LoT Platform Design Methodology (Page-113), LoT System-Logical Design Using Phthon (Page-139), LoT Physical Devices and Endpoints (Page-177), LoT Physical Servers & Cloud Offerings (Page-197), Case Studies Illustrating LoT Design (Page-253), Data Analysis for LoT (Page-335), Tools fir LoT (Page-413). |
| 942 ## - ADDED ENTRY ELEMENTS (KOHA) | |
| Source of classification or shelving scheme | |
| Koha item type | Book |
| Call number prefix | 004.678,BAH |
| Withdrawn status | Lost status | Source of classification or shelving scheme | Damaged status | Not for loan | Permanent Location | Current Location | Shelving location | Date acquired | Total Checkouts | Full call number | Barcode | Date last seen | Date last checked out | Price effective from | Koha item type | Public note |
|---|---|---|---|---|---|---|---|---|---|---|---|---|---|---|---|---|
| Military College of Signals (MCS) | Military College of Signals (MCS) | General Stacks | 08/02/2022 | 2 | 004.678,BAH | MCS37719 | 02/10/2025 | 12/23/2024 | 08/02/2022 | Book | Almirah No.8, Shelf No.4 |
